[Lewarova sila personelu MSP]
Recenzia na vedeckú monografiu, ktorá sa zaoberá skúmaním aktuálnej problematiky intelektuálneho kapitálu v MSP v súčasnom turbulentnom prostredí rozvoja znalostnej ekonomiky. Monografia obsahuje vybrané výsledky realizácie vedeckého projektu NN115 408840 Intelektuálny kapitál ako akcelerátor rozvoj...
Uložené v:
| Hlavný autor: | |
|---|---|
| Médium: | Kapitola |
| Jazyk: | Slovak |
| Predmet: | |
| Tagy: |
Žiadne tagy, Buďte prvý, kto otaguje tento záznam!
|
MARC
| LEADER | 00000naa a2200000 4500 | ||
|---|---|---|---|
| 001 | 0167198 | ||
| 005 | 20240502072920.8 | ||
| 041 | 0 | |a slo | |
| 044 | |a SK | ||
| 245 | 1 | 0 | |a [Lewarova sila personelu MSP] |c Štefan Čarnický |
| 520 | |a Recenzia na vedeckú monografiu, ktorá sa zaoberá skúmaním aktuálnej problematiky intelektuálneho kapitálu v MSP v súčasnom turbulentnom prostredí rozvoja znalostnej ekonomiky. Monografia obsahuje vybrané výsledky realizácie vedeckého projektu NN115 408840 Intelektuálny kapitál ako akcelerátor rozvoja informačnej spoločnosti. | ||
| 610 | 2 | 0 | |a recenzie |
| 610 | 2 | 0 | |a zdroje ľudské |
| 610 | 2 | 0 | |a kapitál ľudský |
| 610 | 2 | 0 | |a kapitál intelektuálny |
| 610 | 2 | 0 | |a ekonomika znalostná |
| 100 | 1 | |a Čarnický, Štefan | |